| 000 | 00706nam a2200241Ia 4500 | ||
|---|---|---|---|
| 003 | OSt | ||
| 005 | 20220926012807.0 | ||
| 006 | a|||||r|||| 00| 0 | ||
| 007 | ta | ||
| 008 | 220923b |||||||| |||| 00| 0 eng d | ||
| 037 | _cGeneral Book | ||
| 040 |
_aRTL _cRTL _beng |
||
| 041 |
_2eng _aeng |
||
| 082 | _aX:(B).73.N7, M1 | ||
| 100 |
_aklein Lawrence R _9126362 |
||
| 245 | 0 | _aEconometric models as guides for decision making | |
| 260 |
_aNew York _bFree Press USA _c1981 |
||
| 300 |
_a75p _ccm. |
||
| 490 | _aCharles C Moskowitz Memorial Lectures 22 | ||
| 650 | _aMathemetical Economics | ||
| 942 |
_hX:(B).73.N7, M1 _cGB _2CC |
||
| 999 |
_c624348 _d624348 |
||